PHARMACOGNOSY AND PHYTOCHEMISTRY - I (Record no. 5942)

MARC details
000 -LEADER
fixed length control field 00405nam a22001577a 4500
005 - DATE AND TIME OF LATEST TRANSACTION
control field 20190604154633.0
008 - FIXED-LENGTH DATA ELEMENTS--GENERAL INFORMATION
fixed length control field 190604b xxu||||| |||| 00| 0 eng d
020 ## - INTERNATIONAL STANDARD BOOK NUMBER
ISBN 978-93-88897-16-7
041 ## - LANGUAGE CODE
Language code of text/sound track or separate title eng
100 ## - MAIN ENTRY--AUTHOR NAME
Personal name GOKHALE, S. B. AND OTHERS
245 ## - TITLE STATEMENT
Title PHARMACOGNOSY AND PHYTOCHEMISTRY - I
250 ## - EDITION STATEMENT
Edition statement 1st , Ed. 2019
260 ## - PUBLICATION, DISTRIBUTION, ETC. (IMPRINT)
Place of publication PUNE
Name of publisher NIRALI PRAKASHAN
300 ## - PHYSICAL DESCRIPTION
Number of Pages 11.51p,
942 ## - ADDED ENTRY ELEMENTS (KOHA)
Koha item type Books

No items available.